000 00468nam a2200181Ia 4500
008 131103s9999 xx 000 0 und d
040 _aLoreto College
041 _aEnglish
082 _a943/LOW
_bLCLIB/19960
100 _aLowenstein,Zu
245 2 _aA Basic history of Germany
_cZu Lowenstein
260 _aBonn
_bInter Nations
_c1964
300 _a192 p.
_c 21 cm.
504 _aIncludes index
650 _aGermany - History
850 _aLCLIB
942 _cBK
999 _c8363
_d58842